Irreverent guides. (Запис № 513016)
[ простий вигляд ]
| 000 -LEADER | |
|---|---|
| fixed length control field | 01647cam a2200397Ia 4500 |
| 001 - CONTROL NUMBER | |
| control field | irreverentguides00kell |
| 003 - CONTROL NUMBER IDENTIFIER | |
| control field | CaSfIA |
| 005 - DATE AND TIME OF LATEST TRANSACTION | |
| control field | 20210118103755.0 |
| 007 - PHYSICAL DESCRIPTION FIXED FIELD--GENERAL INFORMATION | |
| fixed length control field | cr|||| |
| 008 - FIXED-LENGTH DATA ELEMENTS--GENERAL INFORMATION | |
| fixed length control field | 960731s1996 nyuab 000 0 eng d |
| 040 ## - CATALOGING SOURCE | |
| Original cataloging agency | SXP |
| Transcribing agency | SXP |
| Modifying agency | OCL |
| -- | OCLCQ |
| -- | BTCTA |
| -- | BAKER |
| -- | YDXCP |
| -- | CaSfIA |
| 020 ## - INTERNATIONAL STANDARD BOOK NUMBER | |
| International Standard Book Number | 0028608860 : |
| Terms of availability | $12.95 |
| 020 ## - INTERNATIONAL STANDARD BOOK NUMBER | |
| International Standard Book Number | 9780028608860 |
| 035 ## - SYSTEM CONTROL NUMBER | |
| System control number | (OCoLC)35170670 |
| 043 ## - GEOGRAPHIC AREA CODE | |
| Geographic area code | n-us-fl |
| 050 #4 - LIBRARY OF CONGRESS CALL NUMBER | |
| Classification number | F319.M6 |
| Item number | F766 1996 |
| 082 04 - DEWEY DECIMAL CLASSIFICATION NUMBER | |
| Classification number | 917.5938 |
| Item number | K |
| 100 1# - MAIN ENTRY--PERSONAL NAME | |
| Personal name | Kelly, Laura. |
| 245 10 - TITLE STATEMENT | |
| Title | Irreverent guides. |
| Name of part/section of a work | Miami / |
| Medium | [electronic resource] |
| Statement of responsibility, etc | by Laura Kelly and Eric Newell. |
| 246 14 - VARYING FORM OF TITLE | |
| Title proper/short title | Frommer's irreverent guides, Miami |
| 246 30 - VARYING FORM OF TITLE | |
| Title proper/short title | Frommer's Miami |
| 246 30 - VARYING FORM OF TITLE | |
| Title proper/short title | Miami |
| 250 ## - EDITION STATEMENT | |
| Edition statement | 1st ed. |
| 260 ## - PUBLICATION, DISTRIBUTION, ETC. (IMPRINT) | |
| Place of publication, distribution, etc | New York : |
| Name of publisher, distributor, etc | Macmillian USA, |
| Date of publication, distribution, etc | c1996. |
| 300 ## - PHYSICAL DESCRIPTION | |
| Extent | 200 p. : |
| Other physical details | ill., maps ; |
| Dimensions | 21 cm. |
| 440 #0 - SERIES STATEMENT/ADDED ENTRY--TITLE | |
| Title | Irreverent guides |
| 500 ## - GENERAL NOTE | |
| General note | A Balliett & Fitzgerald Book. |
| 500 ## - GENERAL NOTE | |
| General note | "A wickedly honest guide for sophisticated travelers, and those who want to be"--Cover. |
| 506 ## - RESTRICTIONS ON ACCESS NOTE | |
| Standardized terminology for access restriction | Необхідна авторизація на https://archive.org/ (створення облікового запису безкоштовно) |
| 506 ## - RESTRICTIONS ON ACCESS NOTE | |
| Standardized terminology for access restriction | Необхідна авторизація на https://openlibrary.org/ (створення облікового запису безкоштовно) |
| 651 #0 - SUBJECT ADDED ENTRY--GEOGRAPHIC NAME | |
| Geographic name | Miami (Fla.) |
| Form subdivision | Guidebooks. |
| 700 1# - ADDED ENTRY--PERSONAL NAME | |
| Personal name | Newell, Eric. |
| 856 41 - ELECTRONIC LOCATION AND ACCESS | |
| Uniform Resource Identifier | <a href="http://www.archive.org/details/irreverentguides00kell">http://www.archive.org/details/irreverentguides00kell</a> |
| Public note | Free eBook from the Internet Archive |
| 856 42 - ELECTRONIC LOCATION AND ACCESS | |
| Uniform Resource Identifier | <a href="http://www.openlibrary.org/books/OL24211071M">http://www.openlibrary.org/books/OL24211071M</a> |
| Public note | Additional information and access via Open Library |
| 942 ## - ADDED ENTRY ELEMENTS (KOHA) | |
| Koha item type | ЕКнига |
Немає доступних примірників.